000 00583cab a2200217 4500
001 WB3007-46
008 090401t1994 xxu||||| |||| 00| 0 eng d
035 _a(Sirsi) u71655
041 _aeng
245 _aContaminated land blamed for rash of illness on estate
260 _c1994
350 _a0
490 _aDaily Telegraph
_v14 February 1994, 6(1)
520 _aContaminated land blamed for rash of illness on housing estate.
650 _aCONTAMINATED LAND
650 _aHOUSING ESTATE
650 _aSICKNESS
690 _aLAND
942 _n0
948 _c04/03/1997
999 _c45203
_d45203